| 000 | nam a22 4500 | ||
|---|---|---|---|
| 999 |
_c8957 _d8957 |
||
| 008 | 180322b ||||| |||| 00| 0 eng d | ||
| 020 | _a978-1-68095-751-8 | ||
| 082 |
_22017 _aDC 616.0754 _bP578 |
||
| 245 | _aPhysical examination and health assessment. | ||
| 260 |
_aUSA: _b3G Elearning LLC, _c©2017. |
||
| 300 |
_aix, 262 pages: _bcolor illustrations; _c23 cm _eDVD |
||
| 500 | _aIncludes index. | ||
| 650 | 0 |
_927006 _aPhysical diagnosis |
|
| 650 | 0 |
_927008 _aNursing assessment |
|
| 365 |
_b3.850.00 _cPhp |
||
| 942 |
_2ddc _cDC |
||